| 000 | 00407 a2200109 4500 | ||
|---|---|---|---|
| 020 | _a9780309118101 | ||
| 022 | _a21504849 | ||
| 082 | _a363.125 TRB | ||
| 245 |
_aHMCRP Report 01 Hazardous Materials Transportation Incident Data for Root Cause Analysis / _cTransportation Research Board |
||
| 260 |
_aWashington : _bTransportation Research Board, _c2009 |
||
| 300 |
_a111p. : _bill. ; _c30 cm |
||
| 650 | _aTransportation -- Hazardous Materials | ||
| 999 |
_c2248 _d2248 |
||